Bratislava Národné divadlo

Bibliographic Details
Format: Image
Language:Slovak
PhysicalDescription:1 pohľadnica 10x15 cm
Published: Martin Osveta [1957]
Subjects:

MARC

LEADER 00000nkm a2200000 a 4500
001 vtls001391916
003 SK-MaSNL
005 20260425225121.0
008 231206sm y0 xo 0k slo
035 |a SNK000346209 
040 |a SNK  |b slo  |c SNK  |e AACR2 
043 |a e-xo--- 
044 |a xo  |c SK 
072 7 |2 konspekt 
080 |a 908(437.6-25)  |2 1981 
080 |a (084.121)  |2 1981 
245 0 0 |a Bratislava  |h grafika  |b Národné divadlo 
260 |a Martin  |b Osveta  |c [1957] 
300 |a 1 pohľadnica  |c 10x15 cm 
650 0 7 |2 konspekt 
651 7 |a Bratislava (Slovensko)  |2 SNK  |9 14568 
655 7 |a miestne pohľadnice  |2 SNK  |9 70510 
958 |a GC 
958 |a GBN 
999 |c 637913  |d 639843 
952 |t P60, <03>, [BOOK], {603}  |a SNK  |b SNK  |y PREZ  |7 0  |o snkSP 149381  |i snkPV 643/2000  |0 0  |1 0  |4 0  |d 2000-07-03  |l 0  |r 2005-01-02 00:00:00  |w 2026-02-23